| 000 | 01312cam a2200253 a 4500 | ||
|---|---|---|---|
| 003 | OSt | ||
| 005 | 20210305155817.0 | ||
| 008 | 030529s2002 ck r 000 0 spa d | ||
| 020 | _a9586354334 | ||
| 040 |
_aDLC _cCO-JMCR _dCO-BoPUJ |
||
| 041 | 0 | _aspa | |
| 082 | 0 | 4 |
_a342.86107 / _bC911d _223 |
| 100 | 1 |
_aCárdenas López, Jorge Humberto, _eautor _914442 |
|
| 245 | 1 | 0 |
_aDerecho electoral : _betapas generales del proceso electoral : calidades, incompatibilidades e inhabilidades para acceder a cargos de elección popular, mecanismos de participación ciudadana, doctrina y jurisprudencia / _cJorge Humberto Cárdenas López |
| 250 | _aPrimera edición | ||
| 260 |
_aBogotá : _bLibrería del Profesional, _c2002. |
||
| 300 |
_axxvii, 232 páginas ; _c24 cm. |
||
| 505 | 0 | _aOrganización electoral -- Calidades, inhabilidades e incompatibilidades para acceder a cargos de elección popular -- Mecanismos de participación ciudadana -- | |
| 520 | 0 | _aEsta obra contiene una compilación de procedimientos, normas electorales actualizadas y la más reciente doctrina y jurisprudencia que es esta materia ha sido explicado. | |
| 650 | 2 | 4 |
_aDerecho electoral _zColombia _912912 |
| 650 | 2 | 4 |
_aParticipación ciudadana _zColombia _99639 |
| 650 | 2 | 4 |
_aElecciones _xLegislación _zColombia _912913 |
| 942 |
_2ddc _cBK |
||
| 999 |
_c7463 _d7463 |
||